| 000 | 00601nam a2200217Ia 4500 | ||
|---|---|---|---|
| 003 | OSt | ||
| 005 | 20251126113630.0 | ||
| 008 | 210719s2014 xx 000 0 und d | ||
| 040 | _cAL | ||
| 041 | _aKannada | ||
| 082 | _aK894.9 SARM | ||
| 100 |
_aSARASVATI KUMARI (K) Ed _dಸರಸ್ವತಿ ಕುಮಾರಿ (ಕೆ) _9246849 |
||
| 245 |
_aManthana _bಮಂಥನ |
||
| 260 |
_aMangaLUru _bSt Aloysisus College _c2014 |
||
| 300 |
_ax,66 _bPB |
||
| 365 |
_b50 _cRs |
||
| 650 |
_aKannada Criticism _9246850 |
||
| 650 |
_aKannada literature _9246851 |
||
| 906 | _aManthana | ||
| 942 |
_2ddc _cBK |
||
| 999 |
_c215525 _d215525 |
||